| 000 | 00357nam a2200145Ia 4500 | ||
|---|---|---|---|
| 008 | 150201s2004 xx 000 0 und d | ||
| 082 |
_a612 _bC2004C |
||
| 100 | _aCHAUDHARY,S.K. | ||
| 245 | _aCONCISE MEDICAL PHYSIOLOGY | ||
| 250 | _a5TH | ||
| 260 |
_bNEW CENTRAL BOOK AGENCY _aCALCUTTA _c2004 |
||
| 300 | _a1-624 | ||
| 650 | _aPHYSIOLOGY | ||
| 942 |
_2ddc _cBK |
||
| 999 |
_c3688 _d3688 |
||